Notes on how to live in the world and still be happy / (Record no. 3375)
[ view plain ]
| 000 -LEADER | |
|---|---|
| fixed length control field | 00514nam a2200193Ia 4500 |
| 005 - DATE & TIME | |
| control field | 20231025172148.0 |
| 008 - FIXED-LENGTH DATA ELEMENTS--GENERAL INFORMATION | |
| fixed length control field | 220704s9999||||xx |||||||||||||| ||und|| |
| 020 ## - ISBN | |
| International Standard Book Number | 0385182619 |
| 040 ## - CATALOGING SOURCE | |
| Original cataloging agency | MCHV Library |
| 041 ## - Language | |
| Language | English |
| 082 ## - DDC NUMBER | |
| Classification number | 158.1 |
| Book Number | PRA |
| 100 ## - MAIN ENTRY--PERSONAL NAME | |
| Personal name | Prather, Hugh |
| 245 ## - TITLE STATEMENT | |
| Title | Notes on how to live in the world and still be happy / |
| Statement of responsibility | Hugh Prather |
| 260 ## - PUBLICATION, DISTRIBUTION, ETC. (IMPRINT) | |
| Place of publication, distribution, etc | New York : |
| Name of publisher, distributor, etc | Doubleday, |
| Date of publication, distribution, etc | 1986. |
| 300 ## - PHYSICAL DESCRIPTION | |
| Pages | xi. 271p. ; |
| Dimension | 21cm. |
| 650 ## - Subject | |
| Subject | Conduct of life |
| 650 ## - Subject | |
| Subject | Happiness |
| 942 ## - ADDED ENTRY ELEMENTS (KOHA) | |
| Koha item type | Books |
| Location (home branch) | Koha item type | Koha date last seen | Accession No. | Koha full call number | Koha issues (times borrowed) | Date acquired | Shelving location | Sublocation or collection (holding branch) | Withdrawn status | Not for loan | Damaged status | Source of classification or shelving scheme | Lost status |
|---|---|---|---|---|---|---|---|---|---|---|---|---|---|
| MCHV Library | Books | 02/17/2023 | HV670 | 158.1 PRA | 02/17/2023 | General Stacks | MCHV Library | Dewey Decimal Classification |
